| 000 | 01849nam a2200445Ia 4500 | ||
|---|---|---|---|
| 001 | ebr10464541 | ||
| 003 | CaPaEBR | ||
| 006 | m u | ||
| 007 | cr cn||||||||| | ||
| 008 | 090721s2010 mdua sb 001 0 eng d | ||
| 010 | _z 2009029946 | ||
| 020 | _z9780759112162 | ||
| 020 | _z0759112169 | ||
| 020 | _z9780759112179 | ||
| 020 | _z0759112177 | ||
| 020 | _z9780759119413 | ||
| 020 | _z0759119414 | ||
| 040 |
_aCaPaEBR _cCaPaEBR |
||
| 035 | _a(OCoLC)701605304 | ||
| 050 | 1 | 4 |
_aE159 _b.M527 2010eb |
| 082 | 0 | 4 |
_a363.6/9 _222 |
| 100 | 1 |
_aMerritt, Jane, _d1952- |
|
| 245 | 1 | 0 |
_aPreventive conservation for historic house museums _h[electronic resource] / _cJane Merritt and Julie A. Reilly. |
| 260 |
_aLanham : _bAltaMira Press, _cc2010. |
||
| 300 |
_axiii, 201 p. : _bill. |
||
| 490 | 1 | _aAmerican Association for State and Local History book series | |
| 504 | _aIncludes bibliographical references and index. | ||
| 533 |
_aElectronic reproduction. _bPalo Alto, Calif. : _cebrary, _d2013. _nAvailable via World Wide Web. _nAccess may be limited to ebrary affiliated libraries. |
||
| 650 | 0 |
_aHistoric house museums _zUnited States _xManagement. |
|
| 650 | 0 |
_aHistoric house museums _xCollection management _zUnited States. |
|
| 650 | 0 |
_aHistoric buildings _xConservation and restoration _zUnited States. |
|
| 650 | 0 |
_aDwellings _xConservation and restoration _zUnited States. |
|
| 650 | 0 |
_aHistoric preservation _zUnited States. |
|
| 651 | 0 |
_aUnited States _xAntiquities _xCollection and preservation. |
|
| 655 | 7 |
_aElectronic books. _2local |
|
| 700 | 1 |
_aReilly, Julie A., _d1957- |
|
| 710 | 2 | _aebrary, Inc. | |
| 830 | 0 | _aAmerican Association for State and Local History book series. | |
| 856 | 4 | 0 |
_uhttp://site.ebrary.com/lib/rucke/Doc?id=10464541 _zAn electronic book accessible through the World Wide Web; click to view |
| 999 |
_c128652 _d128652 |
||